| 000 | 00949nam a22003257a 4500 | ||
|---|---|---|---|
| 001 | 0051665 | ||
| 003 | KOHA_MİRAKIL | ||
| 005 | 20260207003813.0 | ||
| 007 | ta | ||
| 008 | 150629b2013 tu a|||gr||||#||||0|tur | | ||
| 020 | _a9786051334936 | ||
| 040 |
_aTR-BiSEU _btur _cTR-BiSEU _erda |
||
| 041 | 0 | _atur | |
| 044 | _ctu | ||
| 050 |
_aTJ265 _b.K39 2013 |
||
| 100 | 1 | _aKayansayan, Nuri. | |
| 245 | 1 |
_aThermodynamics : _bprinciples & applications/ _cNuri Kayansayan ; Nuri Kayansayan. |
|
| 264 | 1 |
_aAnkara : _bNobel _c2013 |
|
| 300 |
_aVIII, 526 sayfa : _bresimli ; _c25 cm. |
||
| 336 |
_ametin _btxt _2rdacontent |
||
| 337 |
_aaracısız _bn _2rdamedia |
||
| 338 |
_acilt _bnc _2rdacarrier |
||
| 490 | 1 |
_aNobel yayın nu ; _v591. |
|
| 490 | 1 |
_aTeknik nu ; _v50. |
|
| 650 | 0 |
_aTermodinamik. _91696 |
|
| 650 | 0 |
_aThermodynamics. _91697 |
|
| 830 | 1 |
_aNobel yayın nu ; _v591. _995187 |
|
| 830 | 1 |
_aTeknik nu ; _v50. _996254 |
|
| 942 |
_2lcc _cBK |
||
| 999 |
_c51485 _d51485 |
||